[Event "Samara Polugaevsky Memorial 7th"]
[Site "Samara"]
[Date "2017.07.15"]
[Round "8"]
[White "Mokshanov, Alexey"]
[Black "Belous, Vladimir"]
[Result "0-1"]
[WhiteElo "2410"]
[BlackElo "2584"]
[Annotator "Belous,V"]
[PlyCount "46"]
[EventDate "2017.07.08"]
[EventType "swiss"]
[EventRounds "9"]
[EventCountry "RUS"]
[SourceTitle "CBM 180"]
[Source "ChessBase"]
[SourceDate "2017.09.13"]
[SourceVersion "1"]
[SourceVersionDate "2017.09.13"]
[SourceQuality "1"]

1. e4 c5 2. Nf3 Nc6 3. Bb5 g6 4. Bxc6 bxc6 5. O-O Bg7 6. Re1 Nh6 7. h3 O-O 8.
c3 d5 {I did not know anything about this line, so I wanted to improvise.} (
8... f5 $5 {is the main line.}) 9. d3 Ba6 (9... f5 {looks tempting, but White
has a good answer to it:} 10. e5 Nf7 11. Be3 Nxe5 12. Nxe5 Bxe5 13. Bxc5 {
and if} Qc7 $2 {then} 14. Bxe7 $1 Qxe7 15. d4 $16 Qb7 16. dxe5 Qxb2 17. Nd2
Qxc3 18. Rc1 Qa5 19. Rxc6 $16) ({I considered} 9... c4 $5 {, but evaluate the
arising line is very complicated:} 10. dxc4 dxe4 11. Qxd8 Rxd8 12. Rxe4 Rd1+
13. Re1 Rxe1+ 14. Nxe1 Nf5 $44) 10. Be3 $1 {A very strong move, forcing Black
to close the position.} d4 11. cxd4 ({During the game I thought} 11. Bd2 $1 {
was stronger, leaving Black with all the problems:} f5 12. exf5 Rxf5 13. Bg5
$16) 11... cxd4 12. Bd2 f5 $6 {Black seeks for complications to change the
character of the position.} (12... f6 13. Qa4 Bb5 14. Qb3+ Nf7 15. Na3 $14) 13.
Ng5 $6 ({White could have gone for a forced continuation:} 13. Bxh6 Bxh6 14.
exf5 Rxf5 15. Qa4 Qa5 (15... Rxf3 16. Qxa6 $16) 16. Qxa5 Rxa5 17. Nxd4 Bg7 18.
Nxc6 Bxb2 19. Nxa5 Bxa1 20. Rxe7 Bxd3 21. Nd2 $14 {winning a pawn and getting
with the rook to the 7th rank. The only open question would be, if Black could
still defend.}) 13... fxe4 14. Ne6 (14. Nxe4 Qd5 $11) 14... e3 $5 ({I was
close to play} 14... Qd5 $2 15. Nxf8 Bxd3 {missing} 16. Ne6 $1 Qxe6 17. Bxh6
Bxh6 18. Qxd3 $18) (14... Qb6 $1 {was objectively the strongest:} 15. Nxg7 Kxg7
16. Rxe4 $1 Nf5 (16... Qxb2 $2 17. Rxd4 $3 Qxa1 18. Bc3 $18) 17. Qe2 $11) 15.
fxe3 (15. Nxd8 $1 exf2+ 16. Kh1 fxe1=Q+ 17. Bxe1 $1 Raxd8 18. Qb3+ Kh8 19. Nd2
$14 {After the game my opponent said the arising position looked dangerous for
him.}) 15... Qd6 16. Nxg7 $1 (16. Nxf8 Rxf8 17. e4 $1 (17. Na3 Nf5 18. e4 Ne3
19. Bxe3 dxe3 $15) 17... Qg3 18. Rf1 Qxd3 19. Rxf8+ Bxf8 20. Na3 Qxe4 $44 {
Black has good compensation.}) 16... Kxg7 17. Qa4 $2 ({White should have
developed pieces:} 17. exd4 $1 Nf5 18. Bc3 $14) 17... Nf5 $1 18. Qxa6 $2 {
Too careless, Nb1 and Ra1 are still not playing.} (18. Nc3 $1 Bxd3 19. exd4
Rab8 $15) 18... Nh4 $1 {Now the white king is in danger.} (18... Qg3 19. Qxc6
Nh4 $1 {was also winning.}) 19. Rf1 (19. exd4 Nf3+ $19) 19... Rxf1+ 20. Kxf1
Qh2 $1 {The fastest way of winning the game, but Black could also play} (20...
Rf8+ 21. Ke2 Nxg2 22. Qxa7 (22. e4 Qh2 $19 {is transposing}) 22... dxe3 23.
Bxe3 Nxe3 24. Qxe3 Qh2+ 25. Ke1 Qxb2 $19) 21. Ke2 Nxg2 $1 22. exd4 Rf8 $1 {
It's hard to believe, but this is the only move leading to victory!} 23. Kd1
Ne3+ $1 (23... Ne3+ 24. Bxe3 Rf1#) 0-1

[Event "Moscow"]
[Site "Moscow"]
[Date "1981.04.??"]
[Round "12"]
[White "Torre, Eugenio"]
[Black "Timman, Jan H"]
[Result "1-0"]
[WhiteElo "2550"]
[BlackElo "2620"]
[Annotator "Belov,I"]
[PlyCount "145"]
[EventDate "1981.04.08"]
[EventType "tourn"]
[EventRounds "13"]
[EventCountry "URS"]
[EventCategory "15"]
[SourceTitle "MCL"]
[Source "ChessBase"]
[SourceDate "1999.07.01"]
[SourceVersion "1"]
[SourceVersionDate "1999.07.01"]
[SourceQuality "1"]

1. e4 c5 2. Nf3 Nc6 3. Bb5 g6 4. O-O Bg7 5. Re1 (5. c3) 5... e5 6. Bxc6 (6. c3
Nge7 7. a3 O-O 8. b4 d5 9. d3 a6 10. Bxc6 Nxc6 11. bxc5 dxe4 12. dxe4 Na5 13.
Nbd2 Be6 14. a4 $14 {Adams,M-Kozul,Z/Biel/1991/Inf 52/(163)/}) (6. b4 cxb4 7.
a3 Nge7 8. axb4 O-O 9. Bb2 d6 10. c3 h6 11. Bf1 Be6 $10 {Hawelko,M-Dokhoian,Y/
Lublin/1993/Inf 58/(196)/}) 6... dxc6 (6... bxc6 7. c3 Ne7 8. d4 cxd4 9. cxd4
exd4 10. Nxd4 O-O 11. Nc3 Rb8 12. Nb3 d5 13. Be3 $1 dxe4 14. Bc5 $1 $16 {
Makarichev,S-Krasenkov,M/Moscow/1992/0,5 (21) Inf 55/177/}) 7. d3 Qe7 8. Nbd2
Nf6 (8... Nh6 $5 9. Nc4 f6 10. a4 Nf7) 9. Nc4 Nd7 10. Bd2 $5 (10. a4 b6 11. Bd2
O-O 12. Bc3 Re8 $10) 10... O-O 11. a3 b6 12. b4 Ba6 (12... b5 13. Na5 $16) 13.
Bc3 Rfd8 14. Nfd2 Qe6 15. Qe2 $14 Bf8 16. Rf1 {/\ f4/} b5 $6 (16... Bg7 17. f4
exf4 18. Bxg7 Kxg7 19. Rxf4 Bxc4 20. Nxc4 $14) 17. Ne3 $5 (17. Na5 Bd6 18. g3
$14) 17... Bd6 18. Nf3 Qe7 19. Rab1 Bc8 20. Qd2 f6 (20... h5 $5) 21. Ng4 Nf8 (
21... Kh8 $5) 22. Nh6+ Kh8 $6 (22... Kg7 $142 23. bxc5 $140 Bxc5 $13) 23. bxc5
$1 Bc7 $8 (23... Bxc5 $2 24. Nxe5 fxe5 25. Bxe5+ $1 Qxe5 26. Nf7+ $18) 24. a4
$1 $16 bxa4 25. h3 Ne6 (25... Kg7 26. Ng4 Bxg4 27. hxg4 $16) 26. Ba5 Bxa5 27.
Qxa5 Kg7 28. Ng4 h5 29. Ne3 Nxc5 30. Nc4 Ba6 31. Ne3 (31. Nfd2 $5 {/\ Qc3,f4/})
31... Rdb8 32. Qc3 Rb6 33. Ra1 Rd8 34. Nd2 $1 Bb5 $1 35. Ndc4 (35. f4 exf4 36.
Rxf4 Ne6 37. Rf2 Nd4) 35... Ne6 $6 (35... Rbb8 36. f4 exf4 37. Rxf4 Ne6 38. Rf2
Nd4 $16) 36. Nxb6 axb6 37. Qa3 Qxa3 $6 (37... Nc5 $5) 38. Rxa3 Nc5 39. f4 $1
Ba6 40. fxe5 fxe5 41. Rb1 Rb8 (41... Bb5 42. c4 $18) 42. Rc3 $18 Bb5 (42... Rb7
43. Nc4 Bxc4 44. Rxc4 $18) 43. Nc4 (43. Rxc5 $5 bxc5 44. c4 $18) 43... Bxc4 (
43... Kf6 44. Nxb6 $18) 44. Rxc4 Ra8 45. Rxb6 a3 46. Rb1 Ne6 47. Rxc6 a2 48.
Ra1 Nd4 49. Rc7+ Kf6 50. Kf2 Kg5 $1 51. Rc5 Kh4 52. Rxe5 Rf8+ (52... Nxc2 53.
g3+ Kxh3 54. Rh1+ Kg4 55. Rh4#) 53. Kg1 $8 Ne2+ 54. Kh2 Rf2 55. Rxa2 Nf4 56.
Kg1 Rxg2+ 57. Kf1 Kxh3 58. d4 h4 59. Rea5 {/\ c4/} Rd2 60. Rg5 $1 Nh5 (60...
Rxd4 61. Ra3+ Kh2 62. Rg4 $18) 61. d5 Ng3+ 62. Ke1 Rd4 63. c3 $1 Rxe4+ 64. Kd1
Re3 65. c4 Ne4 66. Rxg6 Rg3 67. Raa6 Kg2 68. Rxg3+ hxg3 69. d6 Kf3 70. Ra3+ Kf4
71. Rxg3 $1 Nxd6 (71... Kxg3 72. d7) 72. Rd3 Ke5 73. c5 1-0

[Event "YUG-chT"]
[Site "Cetinje"]
[Date "1993.??.??"]
[Round "6"]
[White "Nevednichy, Vladislav"]
[Black "Simic, Radoslav"]
[Result "1-0"]
[WhiteElo "2495"]
[BlackElo "2455"]
[Annotator "Belov,I"]
[PlyCount "145"]
[EventDate "1993.??.??"]
[EventType "team"]
[EventRounds "11"]
[EventCountry "YUG"]
[SourceTitle "CBM 038"]
[Source "ChessBase"]
[SourceDate "1994.02.01"]
[SourceVersion "1"]
[SourceVersionDate "1994.02.01"]
[SourceQuality "1"]

1. e4 c5 2. Nf3 Nc6 3. Bb5 g6 4. Bxc6 dxc6 (4... bxc6 5. O-O Bg7 (5... d6 6.
Re1 Bg7 7. c3 e5 8. d4 cxd4 9. cxd4 exd4 10. Nxd4 Ne7 11. Nc3 Bd7 12. Bf4 $14 {
Nevednichy,V-Kupreichik,V Cetinje 1993/}) 6. Re1 f6 (6... Nf6 7. e5 Nd5 8. c4
Nc7 9. d4 cxd4 10. Qxd4 Ne6 11. Qh4 h6 12. Nc3 d6 13. Rd1 Bb7 14. Be3 $16 {
Kharlov,A-Andersson,U Haninge 1992 Inf 55/176/}) (6... e5 7. c3 Ne7 8. d4 cxd4
9. cxd4 exd4 10. Nxd4 O-O 11. Nc3 Rb8 12. Nb3 d5 13. Be3 $1 $14 {Makarychev,
S-Krasenkov,M Moscow 1992 Inf 55/177/}) 7. c3 Nh6 8. d4 cxd4 9. cxd4 d6 10. Nc3
Nf7 $5 (10... O-O 11. Qa4 Qb6 12. Nd2 $1 Nf7 13. Nc4 $14 {Fisher,R-Spassky,B
Beograd 1992 Inf 55/178/}) 11. h3 $5 O-O 12. Be3 Rb8 13. Qa4 Rxb2 14. Qxc6 f5
$10 {Nevednichy,V-Goldin,A Cetinje 1993/}) 5. h3 Bg7 6. d3 e5 (6... Nf6 7. Nc3
O-O 8. Be3 b6 9. Qd2 Ne8 10. O-O-O Nc7 11. Bh6 Ne6 12. h4 Bxh6 13. Qxh6 f6 14.
Ne2 Rf7 15. g4 Nd4 16. Nfxd4 cxd4 17. Rdg1 $16 {Bologan,V-Kharlov,A SSSR 1991
Inf 54/161/}) 7. Nc3 (7. Be3 Qe7 8. Qd2 (8. O-O f6 9. a4 Nh6 10. a5 Nf7 11.
Nbd2 Nd8 12. Nc4 O-O $13) (8. Nbd2 f6 9. a4 Be6 10. O-O Nh6 11. c3 O-O 12. d4
cxd4 13. cxd4 Nf7 14. dxe5 fxe5 15. Qc2 $14 {Zagrebelny,S-Ikonnikov,V SSSR
1991 Inf 54/161/}) 8... Nf6 9. Qc3 Nd7 10. a3 a5 11. a4 b6 12. Na3 f5 13. Nc4
f4 14. Bc1 Ba6 15. b3 O-O 16. Bb2 Rae8 $10 {Nevednichy,V-Kiselev,S SSSR 1991/})
7... Qe7 8. Be3 Nf6 9. Qd2 Nd7 10. Bh6 f6 11. Bxg7 Qxg7 12. Qe3 b6 $146 (12...
Qe7 13. Nd2 Nf8 14. f4 Ne6 15. fxe5 fxe5 16. O-O-O Nf4 17. Rhg1 Bd7 18. Nf3 $14
{Psakhis,L-Roeder,F Wien 1991 Inf 54/161/}) 13. Nd2 O-O 14. O-O-O Re8 15. f4
$14 exf4 (15... Nf8 16. fxe5 fxe5 17. Nf3 Ne6 18. Nb1 $5 Nd4 19. Nbd2 Be6 20.
Kb1 $14) 16. Qxf4 Ne5 17. g4 Be6 18. Rhf1 Rf8 19. Rf2 Qc7 20. Kb1 Rf7 21. Rdf1
Raf8 22. Nf3 Nxf3 (22... Kg7 $5) 23. Qxc7 Rxc7 24. Rxf3 Rcf7 25. Ne2 f5 $6 (
25... Kg7 26. Nf4 Bc8 $14) 26. exf5 gxf5 27. g5 $16 Bd5 28. R3f2 c4 29. Nf4 Re8
(29... cxd3 30. Nxd3 Be6 31. Ne5 Re7 32. Ng4 $16) 30. dxc4 Bxc4 31. Rd1 Rd7 $1
32. Kc1 Rxd1+ 33. Kxd1 Re3 34. Kd2 Rg3 35. h4 Bf7 $6 (35... Rg4 $5 36. Ne2 Be6
$1 $14) 36. Ne2 Rg4 37. Rf4 h6 38. Rxg4 fxg4 39. gxh6 Kh7 40. a3 (40. Ke3 $6
Bxa2) 40... Kxh6 41. Ng3 $16 a5 42. Ke3 a4 43. Kf4 Be6 44. Ke5 (44. c3 $5)
44... Bd5 45. Kf6 b5 46. c3 Bg2 47. Kf5 Bf3 48. Kf4 $1 Kg6 49. Nf5 Kh5 50. Kg3
Bd5 51. Nd4 Be4 52. Ne6 Bf5 (52... Bf3 53. Nf8 {/\Nd7-e5 +-/}) 53. Nd8 Be4 $6 (
53... c5 54. Nf7 Bd7 $16) 54. Nf7 $18 Kg6 55. Ne5+ Kf5 56. Nxg4 c5 57. Nf2 Bc2
58. Kf3 Ke5 59. Ke3 Kd5 (59... Bg6 60. Nd3+ Kd6 61. Nf4 $18) 60. h5 Bh7 61. Ng4
Kc4 62. Nf6 Bc2 63. Kf4 Bd3 64. h6 Bg6 65. Nd7 $1 Kb3 66. Nf8 Bd3 67. Kg5 $1
Kxb2 68. Ng6 Bxg6 69. Kxg6 Kxa3 70. h7 Kb3 71. h8=Q a3 72. Qh1 a2 73. Qc1 1-0

[Event "Wch U20 55th"]
[Site "Bhubaneswar"]
[Date "2016.08.15"]
[Round "8"]
[White "Xiong, Jeffery"]
[Black "Aravindh, Chithambaram VR"]
[Result "1-0"]
[WhiteElo "2633"]
[BlackElo "2543"]
[Annotator "Besenthal,K"]
[PlyCount "85"]
[EventDate "2016.08.08"]
[EventType "swiss"]
[EventRounds "13"]
[EventCountry "IND"]
[SourceTitle "CBM 173 Extra"]
[Source "ChessBase"]
[SourceDate "2016.08.29"]
[SourceVersion "1"]
[SourceVersionDate "2016.08.29"]
[SourceQuality "1"]

1. e4 c5 2. Nf3 Nc6 3. Bb5 g6 4. Bxc6 dxc6 5. d3 Bg7 6. h3 b6 7. Nc3 Nf6 8. Be3
O-O 9. Qd2 Re8 10. Nh2 e5 11. O-O-O {Diagramm [#] Mit der langen Rochade
stellt Jeffery Xiong die Weichen für einen scharfen Kampf.} a5 12. Na4 $6 Be6
13. Kb1 Nd7 14. Ng4 Qe7 15. Nh6+ Kh8 16. h4 b5 {Diagramm [#] Die Initiative
liegt zunächst bei Schwarz, denn der Springerzug nach a4 erweist sich jetzt
doch als nicht besonders geradlinig.} 17. Nc3 f6 18. h5 Bxh6 19. Bxh6 g5 20.
Rdf1 {Die weißen Hoffnungen ruhen jetzt einzig auf dem Hebel f2-f4.} Qf7 (
20... a4 $1 21. g3 c4 22. f4 b4 {war effektiver. Schwarz muss nach
Möglichkeit Linien öffnen.}) 21. g3 b4 22. Na4 Bxa2+ 23. Ka1 c4 24. f4 exf4
25. gxf4 cxd3 26. fxg5 dxc2 27. gxf6 Bb1 28. Bg7+ Kg8 29. b3 {Diagramm [#] Es
ist fast so etwas wie Ruhe eingekehrt, und die Computer bewerten die Stellung
folglich auch als ausgeglichen.} Nc5 $2 {Dieses Figurenopfer ist aber des
Guten zu viel.} 30. Nxc5 a4 31. Kb2 axb3 (31... a3+ 32. Ka1 {bringt nichts,
denn die schwarze Dame lässt sich nicht mobilisieren: Sie wird als Blockeur
für den Bf6 benötigt.}) 32. Nxb3 $2 {Diagramm [#] Ein Fehler, nach dem
Schwarz wieder in die Spur hätte kommen können.} (32. Nd3 {hätte dem
Schwenk des schwarzen Turmes auf die d-Linie die Gefährlichkeit genommen.})
32... c1=Q+ $2 {Schwarz erkennt richtig, dass er den Lb1 mobilisieren muss,
doch in der Ausführung ist die Aktion um ein Tempo zu langsam.} ({Nach} 32...
Red8 $1 {Falls hätte Weiß sogar mächtig aufpassen müssen.} 33. Qf4 $4 {so}
Ra2+ 34. Kc1 Rd1+ 35. Rxd1 cxd1=Q+ 36. Rxd1 Qc4+ 37. Kxb1 Qc2#) 33. Nxc1 Bxe4
34. Rhg1 Ra5 35. Rg5 c5 36. Rfg1 c4 37. Qxb4 c3+ 38. Qxc3 {Diagramm [#]
Schwarz kann nichts ausrichten: Der Zug Sb3 ist eine entscheidende Ressource
für Weiß.} Rb8+ 39. Nb3 Rxg5 40. Rxg5 Bd5 41. Bh6+ Kh8 42. Rxd5 Rxb3+ 43.
Qxb3 1-0

[Event "Niksic"]
[Site "Niksic"]
[Date "1991.??.??"]
[Round "5"]
[White "Miljanic, Boro"]
[Black "Horvath, Csaba"]
[Result "1/2-1/2"]
[WhiteElo "2390"]
[BlackElo "2460"]
[Annotator "Blatny,P"]
[PlyCount "74"]
[EventDate "1991.04.??"]
[EventType "tourn"]
[EventRounds "13"]
[EventCountry "YUG"]
[EventCategory "9"]
[SourceTitle "CBM 024"]
[Source "ChessBase"]
[SourceDate "1991.10.01"]
[SourceVersion "1"]
[SourceVersionDate "1991.10.01"]
[SourceQuality "1"]

1. e4 c5 2. Nf3 Nc6 3. Bb5 g6 4. O-O (4. Bxc6 bxc6 5. O-O {--> Spasov-Ivanovic
CBM24} (5. h3 {--> Ziatdinov-Horvath CBM24})) 4... Bg7 5. c3 (5. Nc3 {-->
Pomes-Boensch CBM24}) 5... Nf6 6. Re1 a6 (6... O-O {--> Miljanic-Spasov CBM24}
7. d4 cxd4 8. cxd4 d5 9. e5 Ne4 10. Nc3 Nxc3 11. bxc3 Qa5 12. a4 Bg4 13. Re3
Rfc8 14. h3 Bd7 15. Bd2 Qc7 $10) 7. Bxc6 (7. Bf1 O-O 8. h3 e5 $13) 7... dxc6 (
7... bxc6 8. e5 Nd5 9. d4 cxd4 10. c4 $1 Nc7 11. Nxd4 c5 12. Nb3 Ne6 13. Nc3
Bb7 14. Nd5 $14) 8. d3 (8. h3 O-O (8... c4 9. b3 $14) 9. d4 cxd4 10. cxd4 $14)
8... O-O 9. h3 a5 10. Na3 Qc7 11. d4 Rd8 12. Qc2 cxd4 13. cxd4 Bd7 14. Be3 Rac8
15. Rac1 Be8 16. Nc4 Nd7 17. Qd2 b6 18. Bh6 Bh8 19. e5 a4 20. Qg5 b5 21. Qxe7
bxc4 22. Ng5 c5 23. e6 Qf4 24. exd7 Bxd7 25. Ne6 Qxh6 26. Nxd8 Qf8 27. Qxd7
Rxd8 28. Qxa4 Bxd4 29. Rxc4 Kg7 30. Qc2 Qd6 31. Qe2 Qf4 32. b4 $4 (32. b3 $18)
32... Bxf2+ 33. Kh1 (33. Kf1 Rd4 $1 $10) (33. Qxf2 Qxc4 34. bxc5 Rc8 $10 {_|_})
33... Qg3 34. Rf1 Bd4 35. bxc5 Be5 36. Kg1 Qh2+ 37. Kf2 Qg3+ 1/2-1/2

[Event "Moscow5"]
[Site "Moscow"]
[Date "1991.??.??"]
[Round "?"]
[White "Glek, Igor Vladimirovich"]
[Black "Lanka, Zigurds"]
[Result "0-1"]
[WhiteElo "2530"]
[BlackElo "2505"]
[Annotator "Blatny,P"]
[PlyCount "66"]
[EventDate "1991.05.??"]
[EventType "tourn"]
[EventRounds "11"]
[EventCountry "URS"]
[EventCategory "10"]
[SourceTitle "CBM 026"]
[Source "ChessBase"]
[SourceDate "1992.02.01"]
[SourceVersion "1"]
[SourceVersionDate "1992.02.01"]
[SourceQuality "1"]

1. e4 c5 2. Nf3 Nc6 3. Bb5 g6 4. O-O Bg7 5. c3 Nf6 6. Re1 O-O 7. d4 (7. h3 e5
8. d4 cxd4 9. cxd4 exd4 10. e5 Nd5 11. Bg5 Qa5 12. Na3 a6 13. Bc4 Nb6 $2 (13...
Nde7 $142) 14. Bb3 Nxe5 15. Nxe5 Bxe5 16. Bh6 $18 {Anand-Salov, Paris 1991})
7... cxd4 8. e5 Nd5 9. cxd4 d6 10. Nc3 Nc7 11. exd6 Qxd6 12. Bg5 Be6 13. Bxc6
bxc6 14. Qd2 Rfe8 15. Bf4 Qd8 16. Be5 Bd5 17. Bxg7 Kxg7 18. Ne5 Ne6 19. Ng4 h5
20. Qh6+ Kg8 21. Ne5 Ng7 22. Ne2 a5 23. Nf4 e6 24. Nxf7 Kxf7 25. Qxg6+ Kg8 $6 (
25... Kf8) 26. Qh6 $6 {/\Ng6,Qh8+,Ne5+} (26. Nxh5 $1 Re7 $8 27. Re3 {/\Rg3(h3)
->} (27. Nf6+ Kf8 28. Nh7+ $10)) 26... Kf7 27. Qg6+ Kf8 28. Re5 (28. Qh6 $5 $10
) 28... Re7 29. Nxh5 Rf7 $8 30. Qh6 $2 (30. Rg5 Nxh5 (30... Raa7 $5) 31. Rxh5
Ke7 $17 {/-+ _|_ ><g2,Pd4}) 30... Qh4 $19 31. f4 Ke7 $1 32. Rf1 (32. Rae1 Rg8
$1 $19) 32... Nxh5 33. Rxh5 Rg8 $1 (33... Rg8 34. Rxh4 (34. Rf2 Rxg2+ 35. Rxg2
Qe1#) (34. g3 Rxg3+ 35. Kf2 Rxf4+ $19) 34... Rxg2+ 35. Kh1 Rg3+ 36. Rf3 Bxf3#)
0-1

[Event "Niksic"]
[Site "Niksic"]
[Date "1991.??.??"]
[Round "12"]
[White "Spasov, Vasil"]
[Black "Ivanovic, Bozidar"]
[Result "1-0"]
[WhiteElo "2550"]
[BlackElo "2535"]
[Annotator "Blatny,P"]
[PlyCount "97"]
[EventDate "1991.04.??"]
[EventType "tourn"]
[EventRounds "13"]
[EventCountry "YUG"]
[EventCategory "9"]
[SourceTitle "CBM 024"]
[Source "ChessBase"]
[SourceDate "1991.10.01"]
[SourceVersion "1"]
[SourceVersionDate "1991.10.01"]
[SourceQuality "1"]

1. e4 c5 2. Nf3 Nc6 3. Bb5 g6 4. Bxc6 bxc6 5. O-O Bg7 6. Re1 e5 7. c3 Ne7 8. d4
cxd4 9. cxd4 exd4 10. Nxd4 O-O 11. Nc3 Rb8 12. e5 c5 13. Nb3 Nc6 14. Nxc5 Nxe5
15. N5e4 Bb7 16. Bg5 f6 17. Be3 Ba8 18. Bc5 f5 19. Bxf8 Qxf8 20. Nd6 Qf6 21.
Qd2 Qh4 22. Nd5 Ng4 23. h3 Nxf2 24. Ne7+ Kf8 25. Nexf5 $1 gxf5 26. Nxf5 Ne4 $8
27. Rxe4 $1 Qxe4 28. Qd6+ Kf7 29. Qxd7+ Kf6 30. Qxg7+ Kxf5 31. Rf1+ Ke6 32.
Rf6+ Kd5 33. Qg5+ Kc4 34. Rf4 $18 {_|_} Rxb2 35. Rxe4+ Bxe4 36. g4 Rxa2 37.
Qg8+ Bd5 38. Qxh7 a5 39. Qc7+ Kd4 40. Qf4+ Kc5 41. Qe3+ Kc4 42. Qf4+ Kc5 43.
Qc7+ Kd4 44. Qg7+ Kc4 45. h4 Kd3 (45... a4 46. h5 a3 47. h6 Rg2+ 48. Kf1 a2 49.
h7 $18) 46. Qd7 Kc4 47. h5 Be4 48. Qf7+ Bd5 49. Qg7 1-0

[Event "Oslo Cup"]
[Site "Oslo"]
[Date "1991.??.??"]
[Round "1"]
[White "Watson, William N"]
[Black "Gronn, Atle"]
[Result "1-0"]
[WhiteElo "2505"]
[BlackElo "2365"]
[Annotator "Blatny,P"]
[PlyCount "103"]
[EventDate "1991.03.??"]
[EventType "tourn"]
[EventRounds "9"]
[EventCountry "NOR"]
[EventCategory "9"]
[SourceTitle "CBM 023"]
[Source "ChessBase"]
[SourceDate "1991.08.01"]
[SourceVersion "1"]
[SourceVersionDate "1991.08.01"]
[SourceQuality "1"]

1. e4 c5 2. Nf3 Nc6 3. Bb5 g6 4. O-O Bg7 5. c3 (5. Re1 e5 6. Bxc6 dxc6 7. d3
Qe7 8. Nbd2 Nf6 9. a3 O-O 10. Nc4 Ne8 {/\Nd6 Motwani-Schmittdiel,Groningen 1990
}) 5... Nf6 6. Re1 O-O 7. d4 cxd4 8. cxd4 d5 9. e5 Ne4 10. Nc3 Nxc3 11. bxc3
Qa5 (11... Na5 12. Bf4 a6 13. Bd3 Bd7 14. Qd2 $14) 12. a4 Bg4 (12... Qxc3 $4
13. Bd2) 13. Re3 Qc7 14. h3 Bd7 15. Ba3 Bh6 16. Re1 Rfe8 17. Bc1 Bg7 (17... Bf8
) 18. Bd2 Qc8 19. Qb3 a6 20. Bf1 e6 21. Nh2 Na5 22. Qc2 Qd8 23. Qd3 Nc4 24. Ng4
g5 $6 25. Bc1 h5 26. Nh2 f5 $2 27. exf6 Qxf6 28. Qg3 Bh6 29. Nf3 $16 Re7 30.
Bxc4 dxc4 31. Bxg5 Bxg5 32. Qxg5+ Qxg5 33. Nxg5 Rf8 34. Re5 Rf5 35. Ne4 Bc6 36.
Rxf5 exf5 37. Nf6+ Kf7 38. Nxh5 Re2 39. Nf4 Rc2 40. d5 $18 Bd7 41. Re1 Rxc3 42.
d6 Bc6 43. h4 Rc2 44. Re7+ Kf6 45. Re6+ Kf7 46. Re7+ Kf6 47. Re6+ Kf7 48. h5
Rc1+ 49. Kh2 c3 50. h6 c2 51. Re7+ Kf6 52. Nd3 1-0

[Event "Cebu"]
[Site "Cebu"]
[Date "1992.??.??"]
[Round "8"]
[White "Barua, Dibyendu"]
[Black "Antonio, Rogelio Jr"]
[Result "1-0"]
[WhiteElo "2555"]
[BlackElo "2500"]
[Annotator "Blatny,P"]
[PlyCount "63"]
[EventDate "1992.05.??"]
[EventType "tourn"]
[EventRounds "9"]
[EventCountry "PHI"]
[EventCategory "10"]
[SourceTitle "CBM 031"]
[Source "ChessBase"]
[SourceDate "1992.12.01"]
[SourceVersion "1"]
[SourceVersionDate "1992.12.01"]
[SourceQuality "1"]

1. e4 c5 2. Nf3 Nc6 3. Bb5 g6 4. O-O (4. Bxc6 {--> Spasov-Ivanovic, Niksic
1991 --> Kasparov-Salov, Dortmund 1992}) 4... Bg7 5. d3 (5. d4 {-->
Shirazi-Birmingham, New York op 1991}) (5. Re1 {--> Seret-Apicella, France(ch)
1991}) (5. c3 {--> Glek-Lanka, Moscow 1991 --> Miljanic-Horvath, Niksic 1991
--> Watson-Gronn, Oslo 1991}) 5... e6 6. Bxc6 bxc6 7. c3 d5 8. e5 Qb6 (8... d4
$6 9. c4 {/\Nd2-e4+/-}) 9. d4 cxd4 (9... Ne7 $142) (9... c4 10. b3 Ba6 11. Re1
Rb8 12. Nbd2 cxb3 13. axb3 $16) 10. cxd4 c5 $5 11. dxc5 Qxc5 12. b3 $1 {
/\Ba3 /^a3-f8 ->} (12. Be3 Qb4 13. Nc3 Qxb2 $6 (13... Ba6 14. Re1 Ne7 $10) 14.
Qa4+ Bd7 15. Qa5 $36) 12... Qc7 13. Ba3 Bf8 14. Bxf8 Kxf8 15. Qd2 h5 (15... Ne7
16. Qh6+ {צh8}) 16. Na3 Bd7 (16... Ba6 17. Rfc1 Qb6 18. Nd4 Ne7 19. Rc3 $16 {
<->c,><c6,c7}) 17. Nc2 h4 {/\Rh5 קe5} 18. h3 Ne7 19. Ncd4 $16 {[+],<->c,ץd7}
Rh5 20. Rac1 Qb6 21. Rc3 Kg8 (21... Rc8 $142 22. Rfc1 {/\R1c2,Qc1 <->c} Rxc3
23. Rxc3 {/\Qc1,Rc7}) 22. Rfc1 Rc8 23. Rxc8+ Bxc8 24. Qf4 (24. Rc3 $142 {
/\Qc1+- <->c,צh5}) 24... Bd7 25. Qf6 Kf8 26. Qf4 Kg8 27. Qd2 Nc6 $6 (27... Kg7
$142 28. Rc3 {/\Qc1} Rh8 29. Qg5 $1) 28. Nxc6 Bxc6 29. Qf4 Qb7 30. Qd4 $18 Bb5
31. Qb4 Qd7 (31... Ba6 32. Qd6 {/\Rc7+-} (32. Qxb7 Bxb7 33. Rc7 $18 {_|_})) 32.
a4 (32. a4 Ba6 33. Qb8+ Kg7 34. Rc7 $18) 1-0

[Event "FRA-ch"]
[Site "Montpellier"]
[Date "1991.??.??"]
[Round "?"]
[White "Seret, Jean Luc"]
[Black "Apicella, Manuel"]
[Result "0-1"]
[WhiteElo "2425"]
[BlackElo "2455"]
[Annotator "Blatny,P"]
[PlyCount "72"]
[EventDate "1991.08.??"]
[EventType "tourn"]
[EventRounds "15"]
[EventCountry "FRA"]
[EventCategory "8"]
[SourceTitle "CBM 027"]
[Source "ChessBase"]
[SourceDate "1992.04.01"]
[SourceVersion "1"]
[SourceVersionDate "1992.04.01"]
[SourceQuality "1"]

1. e4 c5 2. Nf3 Nc6 3. Bb5 g6 4. O-O Bg7 5. Re1 Nf6 6. e5 Nd5 7. Nc3 Nc7 {><e6}
(7... Nxc3 8. bxc3 {/\d4 [+]}) 8. Bxc6 dxc6 {/^c8-h3} (8... bxc6 9. Ne4 $36) 9.
Ne4 b6 10. d3 O-O (10... Bg4 11. h3 (11. Nf6+ Bxf6 (11... exf6 12. exf6+ Kf8
13. fxg7+ Kxg7 14. h3 $14) 12. exf6 e6 13. h3 $132) 11... Bxf3 (11... Be6 $14)
12. Qxf3 Bxe5 (12... O-O $14) 13. Ng5 f6 14. Qxc6+ (14. Rxe5 fxe5 15. Nf7 Rf8
16. Nxd8 Rxf3 17. gxf3 Rxd8 $15) 14... Qd7 15. Qxd7+ Kxd7 16. Nf7 Rhf8 17.
Nxe5+ fxe5 18. Rxe5 $16) 11. h3 (11. Bg5 Bg4 $13) 11... Be6 12. a4 {/\13.a5
קc5} Qd7 13. b3 Bd5 14. Bb2 Bh6 15. Nh2 Bxe4 16. Rxe4 Ne6 17. Ng4 Bg7 18. Qd2
h5 19. Nh2 f5 20. exf6 (20. Ree1 Kh7 {/^c1-h6}) 20... exf6 21. Rae1 Rae8 (21...
Nd4 22. Re7) 22. Nf3 Nc7 23. Qf4 {/\ ->>>} Kh7 {קg6} 24. Qg3 Rxe4 25. dxe4 Ne6
26. e5 f5 27. Ng5+ Nxg5 28. Qxg5 f4 29. Bc3 Rf5 {ף} 30. Qh4 Qe8 {/\g5} 31. g4
fxg3 32. fxg3 Rf3 33. Bb2 Qd7 34. Kg2 Qd2+ 35. Kxf3 Qxe1 36. Qe4 Qf1+ (36...
Qf1+ 37. Ke3 Bh6+) 0-1